Catálogo
 En Linea

Circuitos I : (Registro nro. 47960)

Detalles MARC
000 -CABECERA
campo de control de longitud fija 01149nam a2200193 a 4500
001 - NÚMERO DE CONTROL
campo de control 000048472
005 - FECHA Y HORA DE LA ÚLTIMA TRANSACCIÓN
campo de control 20201002061158.0
008 - DATOS DE LONGITUD FIJA--INFORMACIÓN GENERAL
campo de control de longitud fija 190322s2015 dr a 000 0 spa d
020 ## - NÚMERO INTERNACIONAL ESTÁNDAR DEL LIBRO
Número Internacional Estándar del Libro 9789945472561
040 ## - FUENTE DE LA CATALOGACIÓN
Centro catalogador/agencia de origen DO-SdBNP
Lengua de catalogación spa
Centro/agencia transcriptor BNPHU
082 ## - NÚMERO DE LA CLASIFICACIÓN DECIMAL DEWEY
Número de clasificación xxxx
Número de documento/Ítem S276c
100 1# - ENTRADA PRINCIPAL--NOMBRE DE PERSONA
Nombre de persona Sbriz Zeitun, Giuseppe
9 (RLIN) 75883
245 10 - MENCIÓN DE TÍTULO
Título Circuitos I :
Resto del título prácticas de laboratorio /
Mención de responsabilidad, etc. Giuseppe Sbriz Zeitun.
260 ## - PUBLICACIÓN, DISTRIBUCIÓN, ETC.
Lugar de publicación, distribución, etc. Santo Domingo :
Nombre del editor, distribuidor, etc. Instituto Tecnológico de Santo Domingo,
Fecha de publicación, distribución, etc. 2015.
300 ## - DESCRIPCIÓN FÍSICA
Extensión ix, 79 p. :
Otras características físicas il. ;
Dimensiones 27 cm.
504 ## - NOTA DE BIBLIOGRAFÍA, ETC.
Nota de bibliografía, etc. Bibliografía : p. 79
505 0# - NOTA DE CONTENIDO CON FORMATO
Nota de contenido con formato Introducción --
Título Introducción al laboratorio de circuitos I: seguridad en laboratorio, instrumentos y equipos --
-- Resistores. Conexiones serie, en paralelo y mixtas --
-- Circuito eléctrico. Interruptores. Uso de reóstatos y potenciómetros divisor de voltaje --
-- Ley de Ohm. Leyes de Kirchhoff (de voltaje y corriente) circuito abierto y cortocircuito --
-- Polaridad en circuitos. Resistivos. Fuentes de voltaje en serie --
-- Cálculos de redes. Teoremas de superposición Thévenin y Norton --
-- Corriente alterna. Polaridad en corriente alterna --
590 ## - NOTA LOCAL (RLIN)
Nota local Inventariado, 2019/LP
Existencias
Estado de retiro Estado de pérdida No para préstamo Código de colección Localización permanente Ubicación/localización actual Ubicación en estantería Fecha de adquisición Número de inventario Total de préstamos Signatura topográfica completa Código de barras Fecha visto por última vez Precio válido a partir de Tipo de ítem Koha
    Excluido de préstamo Patrimonio Dominicano Patrimonio Dominicano Patrimonio Dominicano Depósito 22.03.2019 LF1   xxxx S276c 48472-10 25.06.2020 25.06.2020 Libro y Folleto Colección Patrimonio Dominicano

Con tecnología Koha